[Event "17th CRO-chT 1a"]
[Site "Sibenik CRO"]
[Date "2008.09.03"]
[Round "7"]
[White "Makaj,M"]
[Black "Zelcic,R"]
[Result "0-1"]
[WhiteElo "2317"]
[BlackElo "2593"]

1.d4 Nf6 2.Bg5 c5 3.Bxf6 gxf6 4.d5 Qb6 5.Qc1 Bg7 6.g3 f5 7.c3 Na6 8.Bg2 Nc7
9.Na3 Qa6 10.Nh3 O-O 11.O-O e5 12.dxe6 fxe6 13.Qe3 d6 14.Rfd1 Bd7 15.Qf4 Ne8
16.Nc4 d5 17.Ne5 Ba4 18.Rd2 Nf6 19.Qe3 c4 20.Qg5 h6 21.Qf4 Ne4 22.Rd4 Qd6
23.Ng6 e5 24.Bxe4 Qxg6  0-1

[Event "XVI Open"]
[Site "Albacete ESP"]
[Date "2008.09.05"]
[Round "8"]
[White "Llavador Moron,J"]
[Black "Sanchez Sanchez,A"]
[Result "1/2-1/2"]
[WhiteElo "2195"]
[BlackElo "2076"]

1.d4 Nf6 2.Bg5 d5 3.Nd2 Bf5 4.c3 c6 5.Ngf3 Nbd7 6.e3 e6 7.Ne5 Be7 8.g4 Be4
9.Nxe4 Nxe4 10.Bxe7 Qxe7 11.Nxd7 Qxd7 12.f3 Nd6 13.Qa4 Qc7 14.Bd3 a5 15.Qc2 h5
16.h4 Nc4 17.Bxc4 dxc4 18.g5 Qg3+ 19.Qf2 Qxf2+ 20.Kxf2 f6 21.gxf6 gxf6 22.Rhg1 Kf7
23.e4 Rhg8 24.Rxg8 Rxg8 25.Rg1 Rxg1 26.Kxg1 a4 27.Kf2 Kg6 28.Ke3 Kf7 29.Kd2 Ke7
30.Ke2 Ke8 31.Kd2 Ke7 32.b3 b5 33.bxc4 bxc4 34.Kc2 a3 35.Kd2 Ke8 36.f4 f5
37.Ke3 Ke7  1/2-1/2

[Event "X Open"]
[Site "San Marti ESP"]
[Date "2008.09.05"]
[Round "5"]
[White "Garcia Marin,G"]
[Black "Sanchez Ibern,E"]
[Result "0-1"]
[WhiteElo "2104"]
[BlackElo "2038"]

1.d4 Nf6 2.Bg5 c5 3.d5 Ne4 4.Bf4 Qb6 5.Bc1 e6 6.f3 Nf6 7.e4 exd5 8.exd5 Be7
9.Na3 d6 10.Nc4 Qc7 11.a4 b6 12.Ne2 O-O 13.Nc3 a6 14.Be2 Nbd7 15.f4 Rb8 16.Ne3 Re8
17.O-O Bf8 18.Bc4 Ne4 19.Nxe4 Rxe4 20.Qd3 Nf6 21.c3 Qb7 22.Qc2 b5 23.axb5 axb5
24.Bd3 Re8 25.Rd1 c4 26.Bf1 Qb6 27.Qf2 Bb7 28.Rb1 Re4 29.b3 cxb3 30.Rxb3 b4
31.Bd3 Ree8 32.Rxb4 Qc5 33.Rb5 Qc7 34.Qh4 Ba8 35.Ng4 h6 36.Nxf6+ gxf6 37.Rxb8 Qxb8
38.Qxf6 Qb6+ 39.Kh1 Qf2 40.Bd2 Bxd5 41.Bf1 Re2 42.Qd4 Bxg2+  0-1

[Event "TCh-FIN"]
[Site "Finland FIN"]
[Date "2008.09.06"]
[Round "1"]
[White "Pohjala,H"]
[Black "Lammi,J"]
[Result "1-0"]
[WhiteElo "2035"]
[BlackElo "2179"]

1.d4 Nf6 2.Bg5 d5 3.Bxf6 gxf6 4.e3 c6 5.c4 Be6 6.cxd5 Qxd5 7.Nc3 Qa5 8.Ne2 Bh6
9.Ng3 Nd7 10.Bd3 c5 11.d5 Bxd5 12.Qh5 Bxg2 13.Rg1 Bxe3 14.fxe3 Bc6 15.O-O-O b5
16.Be4 Bxe4 17.Ngxe4 b4 18.Rxd7 Kxd7 19.Qd5+ Kc7 20.Nxc5 Rab8 21.Qd7+  1-0

[Event "XXV Aniversario"]
[Site "Parla ESP"]
[Date "2008.09.06"]
[Round "1"]
[White "Martinez Rubio,F"]
[Black "Diamant,A"]
[Result "0-1"]
[WhiteElo "1923"]
[BlackElo "2393"]

1.d4 Nf6 2.Bg5 g6 3.Bxf6 exf6 4.c4 Bg7 5.Nc3 O-O 6.g3 f5 7.Bg2 c5 8.e3 f4
9.exf4 cxd4 10.Nd5 Nc6 11.b4 Nxb4 12.Nxb4 Qe7+ 13.Kf1 Qxb4 14.Bd5 d6 15.Qb3 Qc3
16.Qxc3 dxc3 17.Be4 Be6 18.Bd3 Rac8 19.Rc1 Bxc4 20.Bxc4 Rxc4 21.Rc2 d5 22.Nf3 b5
23.Kg2 d4 24.Rd1 b4 25.Nd2 Rc5 26.Nb3 Rd5 27.Nc1 a5 28.Nd3 Rb8 29.Nc1 a4
30.Rd3 b3 31.axb3 axb3 32.Rcxc3 dxc3  0-1

[Event "TCh-FIN"]
[Site "Finland FIN"]
[Date "2008.09.07"]
[Round "2"]
[White "Pohjala,H"]
[Black "Raisanen,K"]
[Result "1-0"]
[WhiteElo "2035"]
[BlackElo "2174"]

1.d4 Nf6 2.Bg5 c5 3.Bxf6 gxf6 4.d5 Qb6 5.Qc1 Bg7 6.g3 d6 7.Nd2 Qa5 8.e3 b5
9.Ne2 Nd7 10.Bg2 Ba6 11.O-O Rb8 12.Nf4 Bh6 13.Qd1 Ne5 14.Ne4 Bc8 15.Qh5 Bg7
16.Ne6 Bxe6 17.dxe6 Ng6 18.exf7+ Kxf7 19.Qd5+ Ke8 20.h4 Ne5 21.Rad1 Qc7 22.f4 Nc4
23.Qh5+ Kd8 24.Bh3 Qc6 25.Nxc5 Kc7 26.Ne6+ Kb6 27.Nxg7 Nxe3 28.Qe2 Nxf1 29.Rxf1 e5
30.Qf2+ Ka6 31.Rd1 exf4 32.Qxf4 Qc5+ 33.Kh1 Rb6 34.c3 Rg8 35.Nf5 Re8 36.Bf1 Qc6+
37.Kh2 Re5 38.Nd4 Qe8 39.a4 Qh5 40.axb5+ Kb7 41.Bg2+ Kc7 42.Ra1  1-0

[Event "XXV Aniversario"]
[Site "Parla ESP"]
[Date "2008.09.09"]
[Round "4"]
[White "Solaesa Navalpotro,L"]
[Black "Bordo Bujalance,E"]
[Result "1-0"]
[WhiteElo "2216"]
[BlackElo "2041"]

1.d4 Nf6 2.Bg5 g6 3.Bxf6 exf6 4.e3 d5 5.c4 dxc4 6.Bxc4 Bg7 7.Qf3 O-O 8.Nc3 Nd7
9.Nge2 c5 10.O-O-O Qa5 11.Kb1 Nb6 12.Bb3 c4 13.Bc2 Bd7 14.Be4 Rab8 15.Rc1 Na4
16.Nxa4 Qxa4 17.Rc3 Qb4 18.Nf4 Bc6 19.Rhc1 f5 20.Bxc6 bxc6 21.Qe2 Rb6 22.Rxc4 Qd6
23.g3 Rfb8 24.R1c2 Bh6 25.Rc5 Bf8 26.Qf3 Qd7 27.R5c4 Qb7 28.Nd3 Ba3 29.Qe2 Qe7
30.Kc1 Qe4 31.bxa3 Qh1+ 32.Kd2 Rb1 33.Rc1 Rxc1 34.Rxc1 Qd5 35.Rc2 Rb1 36.Nb4 Qh1
37.h4 Rf1 38.Nd3 a5 39.Rc1 Rxc1 40.Nxc1 Qd5 41.Qd3 Qf3 42.Qe2 Qe4 43.Nd3 Qd5
44.Kc3  1-0

[Event "TCh-SRB 1st League"]
[Site "Subotica SRB"]
[Date "2008.09.09"]
[Round "8"]
[White "Miladinovic,I"]
[Black "Blagojevic,Dr"]
[Result "0-1"]
[WhiteElo "2571"]
[BlackElo "2519"]

1.d4 Nf6 2.Bg5 d5 3.e3 c5 4.Nc3 cxd4 5.Bxf6 gxf6 6.Qxd4 e6 7.e4 Nc6 8.Bb5 Bd7
9.Bxc6 bxc6 10.Qd3 Qb6 11.O-O-O Bh6+ 12.Kb1 O-O 13.Nge2 Rfb8 14.b3 a5 15.Qh3 Bg7
16.Rd3 a4 17.Rg3 axb3 18.cxb3 Kh8 19.Rd1 Qxf2 20.Qh5 Qa7 21.Rh3 h6 22.Rdd3 e5
23.Rh4 Qa3 24.Nc1 d4 25.N3e2 Qf8 26.Ng3 c5 27.Nf5 Bxf5 28.Qxf5 c4 29.Rg3 d3
30.Rxg7 Qxg7 31.Rg4 d2 32.Rxg7 Kxg7 33.Qg4+ Kh8 34.Qd1 dxc1=Q+ 35.Qxc1 cxb3
36.Qxh6+ Kg8 37.axb3 Rxb3+ 38.Kc2 Rb6 39.Qh3 Rd6 40.Qg4+ Kf8 41.Qf5 Rad8
42.Kb3 Rc6 43.Qf1 Rb8+  0-1

[Event "I Liga Seniorow"]
[Site "Ustron POL"]
[Date "2008.09.09"]
[Round "4"]
[White "Brodowski,P"]
[Black "Tomczak,J"]
[Result "0-1"]
[WhiteElo "2424"]
[BlackElo "2451"]

1.d4 Nf6 2.Bg5 d5 3.Bxf6 gxf6 4.e3 c5 5.dxc5 e6 6.Nd2 Qa5 7.g3 Bg7 8.c3 Qxc5
9.e4 dxe4 10.Nxe4 Qe5 11.Bg2 O-O 12.Qe2 f5 13.Nd2 Nd7 14.Nc4 Qc7 15.Rd1 Nc5
16.Nf3 Bd7 17.Nce5 Ba4 18.Rd4 Rfd8 19.O-O Rxd4 20.cxd4 Ne4 21.b3 Nc3 22.Qb2 Bb5
23.Nc4 Ne4 24.Nfe5 Rd8 25.Rc1 Qe7 26.Qe2 Rxd4 27.Qe3 Qd8 28.Bxe4 Rxe4 29.Qc5 Bxc4
30.Nxc4 Bd4 31.Qa3 Re2 32.Nd6 Bb2  0-1

[Event "XXV Aniversario"]
[Site "Parla ESP"]
[Date "2008.09.10"]
[Round "5"]
[White "Sanchez Rodriguez,J"]
[Black "Corregidor Serrano,J"]
[Result "1-0"]
[WhiteElo "1963"]
[BlackElo "1784"]

1.d4 Nf6 2.Bg5 d5 3.Nf3 Bf5 4.e3 Nbd7 5.Bd3 Bg4 6.h3 Bh5 7.g4 Bg6 8.Nbd2 c6
9.Ne5 Nxe5 10.dxe5 Nd7 11.Bxg6 hxg6 12.e6 fxe6 13.Nf3 Qa5+ 14.c3 e5 15.Qc2 e4
16.b4 Qb6 17.Nd4 Ne5 18.f3 Nd3+ 19.Kf1 a5 20.Qa4 Ra6 21.b5 Nc5 22.Qc2 cxb5
23.Rb1 b4 24.a3 bxa3 25.Rxb6 Rxb6 26.Qa2 e5 27.Qxd5 Rb1+ 28.Kg2 Rxh1 29.Kxh1 exd4
30.cxd4 Nd3 31.Qe6+  1-0

[Event "61st ch-RUS HL"]
[Site "Novokuznetsk RUS"]
[Date "2008.09.11"]
[Round "8"]
[White "Smirnov,Arte"]
[Black "Chuprov,D"]
[Result "0-1"]
[WhiteElo "2452"]
[BlackElo "2577"]

1.d4 Nf6 2.Bg5 d5 3.Bxf6 exf6 4.e3 Bd6 5.g3 c6 6.Bg2 f5 7.Ne2 Nd7 8.Nd2 Nf6
9.c4 dxc4 10.Nxc4 Bc7 11.Qc2 O-O 12.O-O Qe7 13.Rac1 Be6 14.a3 Rad8 15.Rfd1 Rfe8
16.b4 g6 17.Qb2 Ne4 18.Nd2 Bd5 19.Nxe4 fxe4 20.Nc3 f5 21.b5 Bf7 22.Na4 Bd6
23.Rc3 cxb5 24.Qxb5 Bxa3 25.Nc5 b6 26.Rxa3 bxc5 27.Rda1 cxd4 28.Rxa7 Qf6
29.Qb2 Rd6 30.exd4 Qxd4 31.Qxd4 Rxd4 32.Bf1 Red8 33.Rc7 R8d7 34.Rxd7 Rxd7
35.h4 Kg7 36.Rc1 Kf6 37.Rc6+ Ke5 38.Rc5+ Kd4 39.Rc1 Rb7 40.Ra1 Bb3 41.Rb1 Kc3
42.Bg2 Ra7 43.Bf1 Bc2 44.Re1 Bd3 45.Bh3 Kd2 46.Re3 Ra5 47.Kg2 h6 48.Kh2 g5
49.hxg5 hxg5 50.Bg2 Ra1 51.Kh3 Re1 52.g4 f4  0-1

[Event "TCh-SRB 1st League"]
[Site "Subotica SRB"]
[Date "2008.09.11"]
[Round "10"]
[White "Sedlak,N"]
[Black "Abramovic,B"]
[Result "1-0"]
[WhiteElo "2576"]
[BlackElo "2488"]

1.d4 Nf6 2.Bg5 d5 3.Bxf6 exf6 4.e3 c6 5.Nd2 f5 6.Bd3 g6 7.Qf3 Nd7 8.Ne2 Nf6
9.O-O-O Be6 10.Nf4 Bd6 11.Kb1 Qe7 12.h3 O-O-O 13.Rc1 Kb8 14.Rhd1 h5 15.c4 h4
16.c5 Bc7 17.b4 Bd7 18.Ne2 Ne4 19.Nc3 g5 20.Bxe4 fxe4 21.Qe2 f5 22.b5 f4
23.b6 axb6 24.cxb6 Bxb6 25.Nb3 Qa3 26.Ka1 Ka7 27.Nb1 Qa6 28.Qb2 Ra8 29.Rc3 Qb5
30.Na3 Qb4 31.Nc2 Qb5 32.Qa3+ Kb8 33.Qd6+ Kc8 34.Rb1 Ra4 35.Qf6 Re8 36.Nc5 Qa5
37.Nxa4 Bd8 38.Qd6 Be7 39.Nb6+ Qxb6 40.Qxd7+ Kxd7 41.Rxb6 Rb8 42.Rcxc6  1-0

[Event "DMP Ekstraliga"]
[Site "Karpacz POL"]
[Date "2008.09.12"]
[Round "7"]
[White "Macieja,B"]
[Black "Butkiewicz,L"]
[Result "1-0"]
[WhiteElo "2606"]
[BlackElo "2284"]

1.d4 Nf6 2.Bg5 c5 3.Bxf6 gxf6 4.d5 Qb6 5.Qc1 Bg7 6.c4 f5 7.Nc3 d6 8.e3 Nd7
9.Qc2 Nf6 10.Bd3 e5 11.Rb1 e4 12.Be2 Bd7 13.Nh3 O-O 14.O-O Rae8 15.Nf4 Qd8
16.b4 cxb4 17.Rxb4 b6 18.a4 Ng4 19.Bxg4 fxg4 20.Nh5 Re5 21.Nxg7 Kxg7 22.Ne2 Qc7
23.Qb2 Qc5 24.a5 bxa5 25.Rb7 Rd8 26.Qd4 Qxd4 27.Nxd4 Kf6 28.Rxa7 a4 29.Rb1 Ree8
30.g3 Bc8 31.Rxa4 Bf5 32.Rb6 Rd7 33.Raa6 Rc8 34.Rxd6+ Rxd6 35.Rxd6+ Ke5 36.Nxf5 Kxf5
37.Rc6 Ra8 38.Rc7 Ra1+ 39.Kg2 Kf6 40.d6 h5 41.c5  1-0

[Event "XXV Aniversario"]
[Site "Parla ESP"]
[Date "2008.09.13"]
[Round "8"]
[White "Gomez,Gu"]
[Black "Corregidor Serrano,J"]
[Result "1-0"]
[WhiteElo "2076"]
[BlackElo "1784"]

1.d4 Nf6 2.Bg5 d5 3.Bxf6 exf6 4.e3 Bd6 5.Nd2 Be6 6.c4 Bb4 7.Nf3 Nc6 8.a3 Bxd2+
9.Nxd2 O-O 10.Qc2 Ne7 11.Bd3 g6 12.O-O f5 13.Rac1 Rc8 14.b4 Qd7 15.Qb2 dxc4
16.Bxc4 Bd5 17.Bxd5 Nxd5 18.Nc4 Rfe8 19.Rfe1 Re6 20.Ne5 Qe7 21.Nd3 b6 22.Qb3 Nf6
23.b5 Ne4 24.Nb4 g5 25.Nc6 Qd7 26.Ne5 Qe7 27.Qd3 Rh6 28.Rc6 Nd6 29.Nc4 Rd8
30.Rc1 Rf6 31.Nxd6 cxd6 32.Rc7 Rd7 33.Rc8+ Kg7 34.d5 g4 35.g3 h5 36.R1c4 h4
37.gxh4 Qe5 38.Qd4 Qe7 39.Qf4 Qe5 40.h5 Qxf4 41.exf4 Rh6 42.R4c7 Rxc7 43.Rxc7 Rxh5
44.Rxa7 Rh3 45.Ra6 Rd3 46.Rxb6 Rxd5 47.a4 Rd1+ 48.Kg2 d5 49.a5 d4 50.a6 d3
51.Rd6 d2 52.b6 Rb1 53.b7 Rb6 54.Rxd2  1-0

[Event "4th ch-EU"]
[Site "Liverpool ENG"]
[Date "2008.09.15"]
[Round "7"]
[White "Laznicka,V"]
[Black "Howell,D"]
[Result "1-0"]
[WhiteElo "2601"]
[BlackElo "2561"]

1.d4 Nf6 2.Bg5 d5 3.Bxf6 exf6 4.e3 Bd6 5.g3 c6 6.Bg2 Nd7 7.Ne2 f5 8.b3 Nf6
9.c4 Bb4+ 10.Kf1 O-O 11.c5 Ba5 12.a3 Bc7 13.Nbc3 b6 14.b4 bxc5 15.bxc5 Ba6
16.Bf3 Ba5 17.Qc2 Ne4 18.Kg2 Rb8 19.Rhb1 Qe7 20.Na2 Rxb1 21.Rxb1 Nd2 22.Rb2 Nc4
23.Rb3 Nd2 24.Rb2 g5 25.Nb4 Bxb4  1-0

[Event "4th ch-EU"]
[Site "Liverpool ENG"]
[Date "2008.09.16"]
[Round "8"]
[White "Meijers,V"]
[Black "Zhou,Y"]
[Result "1-0"]
[WhiteElo "2496"]
[BlackElo "2259"]

1.d4 Nf6 2.Bg5 d5 3.Bxf6 exf6 4.e3 Bd6 5.c4 dxc4 6.Bxc4 O-O 7.Nc3 f5 8.Nf3 c6
9.Qc2 Nd7 10.h4 Nf6 11.h5 Ng4 12.Bd3 Qa5 13.Nh4 g6 14.hxg6 fxg6 15.Nf3 Kg7
16.O-O-O b5 17.Kb1 Be6 18.Rxh7+ Kxh7 19.Ng5+ Kg8 20.Nxe6 Rf6 21.Ng5 b4 22.Rh1 Bh2
23.Na4 Kg7 24.Nc5 Re8 25.Qb3 Qc7 26.g3 Qd6 27.Be2 Qd5 28.Qxd5 cxd5 29.Bxg4 Bxg3
30.Rh7+ Kg8 31.Bf3 Bxf2 32.Bxd5+ Kf8 33.Nd7+  1-0

[Event "EYg18"]
[Site "Herceg Novi MNE"]
[Date "2008.09.18"]
[Round "4"]
[White "Farevaag,E"]
[Black "Aggeli,E"]
[Result "0-1"]
[WhiteElo "1771"]
[BlackElo "1856"]

1.d4 Nf6 2.Bg5 d5 3.Bxf6 gxf6 4.e3 c5 5.c3 e5 6.dxc5 Bxc5 7.Nf3 Nc6 8.g3 Bg4
9.h3 Be6 10.Bg2 Qd7 11.b4 Bd6 12.h4 Ne7 13.Nbd2 Rc8 14.Rc1 Qc6 15.Nb3 b6
16.Nfd2 f5 17.c4 Qd7 18.cxd5 Rxc1 19.Qxc1 Nxd5 20.a3 O-O 21.Bh3 Rc8 22.Qd1 Nf6
23.Rg1 Kh8 24.f3 f4 25.Bxe6 Qxe6 26.e4 fxg3 27.Rxg3 Nh5 28.Rg4 Nf4 29.Kf2 Be7
30.Nc1 Rxc1 31.Qa4 Rc8 32.Qxa7 Qd6 33.Nf1 Qd4+ 34.Kg3 Qg1+  0-1

[Event "EYg18"]
[Site "Herceg Novi MNE"]
[Date "2008.09.19"]
[Round "5"]
[White "Di Cerbo,G"]
[Black "Asgarova,T"]
[Result "1/2-1/2"]
[WhiteElo "1795"]
[BlackElo "2008"]

1.d4 Nf6 2.Bg5 d5 3.Bxf6 exf6 4.Nf3 Bd6 5.e3 Bf5 6.Nbd2 Nc6 7.c3 O-O 8.Nh4 Be6
9.Bd3 Ne7 10.Qc2 g6 11.O-O f5 12.f4 c5 13.Nhf3 c4 14.Be2 Nc8 15.Ng5 Bd7 16.Rae1 f6
17.Nh3 b5 18.Bf3 Nb6 19.Nf2 Rc8 20.h4 b4 21.g4 fxg4 22.Nxg4 bxc3 23.bxc3 Bxg4
24.Bxg4 f5 25.Bf3 Qxh4 26.Re2 Rce8 27.Rff2 Re6 28.Nf1 Qe7 29.Rg2  1/2-1/2

[Event "4th Open"]
[Site "Bjelovar CRO"]
[Date "2008.09.20"]
[Round "6"]
[White "Kelemen,M"]
[Black "Stocko,J"]
[Result "0-1"]
[WhiteElo "2105"]
[BlackElo "2011"]

1.d4 Nf6 2.Bg5 g6 3.Nd2 Bg7 4.Ngf3 d6 5.e3 O-O 6.Bd3 Nbd7 7.O-O c6 8.c3 Qc7
9.Rc1 Re8 10.Re1 e5 11.e4 Nf8 12.h3 h6 13.Bh4 Ne6 14.dxe5 dxe5 15.Bg3 Nh5
16.Bh2 Nhf4 17.Bf1 Rd8 18.Qc2 a5 19.Rcd1 b5 20.Nb3 Ba6 21.Nc1 c5 22.g3 Nh5
23.Nh4 Bf6 24.Ng2 Ng5 25.Nh4 Bc8 26.Rxd8+ Bxd8 27.Rd1 Nxh3+ 28.Kh1 Bxh4 29.gxh4 Qe7
30.Bg3 Qf6 31.Kh2 Nxg3 32.fxg3 Nf2 33.Re1 Qf3 34.Bg2 Ng4+ 35.Kg1 Qxg3 36.Qe2 Be6
37.b3 Rd8 38.Kf1 Nh2+  0-1

[Event "EYg14"]
[Site "Herceg Novi MNE"]
[Date "2008.09.22"]
[Round "7"]
[White "Morea,G"]
[Black "Baraeva,I"]
[Result "0-1"]
[WhiteElo "1751"]
[BlackElo "2073"]

1.d4 Nf6 2.Bg5 d5 3.Nf3 g6 4.Bxf6 exf6 5.c4 Bg7 6.Nc3 dxc4 7.e3 O-O 8.Bxc4 c6
9.Qb3 Nd7 10.O-O Nb6 11.Be2 Be6 12.Qc2 Qe7 13.Rfd1 f5 14.a3 a5 15.Rab1 Nd5
16.Nd2 f4 17.e4 Nb6 18.Nb3 Rfd8 19.Bf3 Qc7 20.Ne2 Bc4 21.d5 cxd5 22.exd5 Qd6
23.Nc3 Rdc8 24.Nd2  0-1

[Event "EYg16"]
[Site "Herceg Novi MNE"]
[Date "2008.09.22"]
[Round "7"]
[White "Stojkovska,M"]
[Black "Kazimova,N"]
[Result "0-1"]
[WhiteElo "1869"]
[BlackElo "2148"]

1.d4 Nf6 2.Bg5 d5 3.Bxf6 gxf6 4.e3 e6 5.Ne2 c5 6.c3 Nc6 7.g3 f5 8.Bg2 Qc7
9.Nf4 Bd7 10.Nd2 O-O-O 11.Qc2 Kb8 12.O-O-O cxd4 13.cxd4 Qa5 14.a3 Nxd4 15.Qd3 Nb5
16.Kb1 Rc8 17.Nb3 Qb6 18.Ka2 Bg7 19.Rc1 Rhd8 20.Ne2 a5 21.Nbd4 Nxd4 22.exd4 Bb5
23.Rxc8+ Rxc8 24.Qd2 Bxe2 25.Qxe2 Qxd4 26.Rb1 Qc4+ 27.Qxc4 Rxc4  0-1

[Event "Podillya It"]
[Site "Khmelnitsky UKR"]
[Date "2008.09.29"]
[Round "4"]
[White "Zherebukh,Y"]
[Black "Onischuk,V"]
[Result "1/2-1/2"]
[WhiteElo "2432"]
[BlackElo "2506"]

1.d4 Nf6 2.Bg5 g6 3.Bxf6 exf6 4.e3 Bg7 5.Nf3 O-O 6.c4 d6 7.Bd3 f5 8.O-O c5
9.Nc3 Nc6 10.Be2 Re8 11.Rc1 b6 12.a3 Bb7 13.Rc2 cxd4 14.exd4 Rc8 15.d5 Ne5
16.Nb5 a6 17.Nbd4 Qf6 18.b4 Nxf3+ 19.Nxf3 Re7 20.Bd3 Rce8 21.Nd2 Bc8 22.c5 bxc5
23.bxc5 dxc5 24.Nb3 Qd6 25.Bc4 Re4 26.Na5 Be5 27.g3 Bd4 28.Bd3 Qxd5 29.Bxe4 fxe4
30.Nc4 Bh3 31.Ne3 Qb3 32.Re1 Qxa3 33.Rc4 Qa5 34.Ra4 Qb5 35.Rxd4 cxd4 36.Qxd4 Qd3
37.Qa1 Be6 38.Rd1 Qb5 39.Rb1 Qc6 40.Rc1 Qa8 41.h4 h5 42.Rc5 Rc8 43.Ra5 Rc6
44.Qd4 Rc7 45.Kg2 Rd7 46.Qa1 Rd6 47.Qe5 Qd8 48.Rc5 Rd2 49.Qxe4 Qf6 50.Qf4 Qxf4
51.gxf4 Ra2 52.f5 gxf5 53.Nxf5 a5 54.Nd4 Bg4 55.Kg3 Ra4 56.Rd5 Rc4 57.f3 Bc8
58.Nf5 a4 59.Nd6 Rc6 60.Nxc8 Rxc8 61.Ra5  1/2-1/2

[Event "17th CRO-chT 1b"]
[Site "Sibenik CRO"]
[Date "2008.09.29"]
[Round "3"]
[White "Miladinovic,I"]
[Black "Dizdarevic,E"]
[Result "1-0"]
[WhiteElo "2571"]
[BlackElo "2501"]

1.d4 Nf6 2.Bg5 d5 3.e3 c6 4.Bd3 Bg4 5.f3 Bh5 6.Ne2 Nbd7 7.Bf4 Bg6 8.g4 e6
9.h4 Bb4+ 10.c3 Ba5 11.h5 Bxd3 12.Qxd3 Bc7 13.Nd2 e5 14.Bg5 O-O 15.O-O-O Qe8
16.Qc2 Qe6 17.dxe5 Bxe5 18.f4 Bc7 19.Nd4 Qe8 20.Nf5 Qe6 21.Rhe1 Bd8 22.Bxf6 Nxf6
23.Kb1 Kh8 24.e4 dxe4 25.Nxe4 Nxe4 26.Rxe4 Qc8 27.Qe2 Bf6 28.Nd6 Qc7 29.g5 Rad8
30.gxf6 Rxd6 31.fxg7+ Kxg7 32.Rg1+ Kh6 33.f5 Qb6 34.Rd4  1-0

[Event "Tatry Open"]
[Site "Tatranske Zruby SVK"]
[Date "2008.09.29"]
[Round "4"]
[White "Piankov,E"]
[Black "Kubin,P"]
[Result "1-0"]
[WhiteElo "2337"]
[BlackElo "2069"]

1.d4 d5 2.Bg5 Nf6 3.Bxf6 exf6 4.g3 Bd6 5.Bg2 c6 6.e3 O-O 7.Ne2 Be6 8.O-O Nd7
9.Nd2 f5 10.Qc1 Nf6 11.c4 dxc4 12.Nxc4 Bc7 13.Nf4 Qe7 14.Nxe6 Qxe6 15.Qc2 Rfe8
16.Qb3 Rab8 17.Rfd1 Ne4 18.Rac1 h5 19.Nd2 Qxb3 20.Nxb3 Rbd8 21.d5 Be5 22.dxc6 bxc6
23.Rxd8 Rxd8 24.Bxe4 fxe4 25.Rxc6 Bxb2 26.Rc7 Ra8 27.Nc5 f5 28.a4 a5 29.Ne6 g6
30.Rb7 Bc3 31.Nf4 Ra6 32.Nd5 Be5 33.h3 Kf8 34.Nb6 Kg8 35.Kg2 Bf6 36.Nd5 Bg7
37.g4 hxg4 38.hxg4 Be5 39.gxf5 gxf5 40.Ne7+ Kf7 41.Nxf5+ Kf6 42.Ng3 Rc6 43.Nxe4+ Ke6
44.Rb5 Rc4 45.Nc5+ Ke7 46.Rxa5  1-0

[Event "Zvenigorodskaya Open A"]
[Site "Zvenigorod RUS"]
[Date "2008.09.29"]
[Round "8"]
[White "Konovalov,N"]
[Black "Romanko,M"]
[Result "0-1"]
[WhiteElo "2440"]
[BlackElo "2374"]

1.d4 d5 2.Bg5 Nf6 3.Bxf6 exf6 4.c3 c6 5.Nf3 Bd6 6.e3 O-O 7.g3 f5 8.Bg2 Nd7
9.O-O Nf6 10.Ne1 Re8 11.Nd3 Ne4 12.Nd2 f6 13.Re1 Be6 14.Nf1 Bf8 15.Qc2 Bf7
16.Nf4 Rc8 17.Rad1 g6 18.Nd3 b6 19.Re2 Rc7 20.Rde1 Qb8 21.Qb1 c5 22.dxc5 bxc5
23.Rd1 g5 24.f3 Nd6 25.Nf2 f4 26.gxf4 gxf4 27.Ng4 Bg7 28.Rde1 f5 29.Nf2 fxe3
30.Rxe3 Rxe3 31.Nxe3 Re7 32.Qc1 Bh6 33.f4 Bxf4 34.Nd3 Bh6 35.Nxc5 Nc4 36.Nxf5 Bxc1
37.Nxe7+ Kh8 38.Nf5 Qxb2 39.Re7 Qb6  0-1

[Event "Zvenigorodskaya Open A"]
[Site "Zvenigorod RUS"]
[Date "2008.09.30"]
[Round "9"]
[White "Aleksandrov,A"]
[Black "Belov,Vl"]
[Result "1/2-1/2"]
[WhiteElo "2574"]
[BlackElo "2561"]

1.d4 Nf6 2.Bg5 d5 3.e3 c5 4.Bxf6 gxf6 5.Nc3 e6 6.dxc5 Bxc5 7.Qh5 Nc6 8.O-O-O Qe7
9.Nge2 Bb4 10.g3 Bd7 11.e4 dxe4 12.Nxe4 f5 13.N4c3 O-O-O  1/2-1/2

[Event "ch-Commonwealth"]
[Site "Nagpur IND"]
[Date "2008.10.03"]
[Round "7"]
[White "Jugele,A"]
[Black "Gahan,M"]
[Result "0-1"]
[WhiteElo "1904"]
[BlackElo "2114"]

1.d4 Nf6 2.Bg5 g6 3.Bxf6 exf6 4.e3 Bg7 5.g3 d5 6.Bg2 c6 7.Ne2 O-O 8.O-O Be6
9.c4 dxc4 10.Nbc3 Nd7 11.Nf4 Nb6 12.Rc1 f5 13.Na4 Bd5 14.Nxd5 cxd5 15.Nxb6 axb6
16.Qf3 Ra5 17.a3 Qd6 18.Rc3 Rd8 19.Rfc1 b5 20.b4 Ra4 21.Qe2 Qa6 22.Qb2 Bf8
23.Bf3 Qa7 24.Bd1 Ra6 25.Bf3 f6 26.Ra1 Kf7 27.Kg2 Ke6 28.Bd1 b6 29.Ra2 Bd6
30.Rc1 Qe7 31.Rca1 Rda8 32.Bc2 Kd7 33.Kg1 h5 34.Qb1 h4 35.Kg2 Qh7 36.g4 h3+
37.Kh1 Qh4 38.Bxf5+ gxf5 39.Qxf5+ Kc6 40.e4 dxe4 41.a4 Rxa4 42.Rxa4 Rxa4
43.Rxa4 bxa4 44.b5+ Kc7 45.Qxe4 Qxf2 46.Qc6+ Kd8  0-1

[Event "Tatry Open"]
[Site "Tatranske Zruby SVK"]
[Date "2008.10.03"]
[Round "8"]
[White "Mocary,M"]
[Black "Blecha,Mir"]
[Result "0-1"]
[WhiteElo "2058"]
[BlackElo "2211"]

1.d4 Nf6 2.Bg5 c5 3.Bxf6 gxf6 4.dxc5 Qa5+ 5.Nc3 Qxc5 6.Qd5 Qb4 7.O-O-O Qf4+
8.e3 Qxf2 9.Nh3 Qxe3+ 10.Kb1 e6 11.Qb3 Nc6 12.Bc4 Na5 13.Qa4 Nxc4 14.Qxc4 Qc5
15.Qh4 Be7 16.Qh6 d5 17.Qg7 Rf8 18.Qxh7 Bd7 19.Nf4 O-O-O 20.Nfxd5 exd5 21.Rxd5 Qc6
22.Rhd1 Be6 23.Nb5 Qxb5  0-1

[Event "1st WMSG Blitz Ind"]
[Site "Beijing CHN"]
[Date "2008.10.04"]
[Round "8"]
[White "Leon Hoyos,M"]
[Black "Kryvoruchko,Y"]
[Result "0-1"]
[WhiteElo "2535"]
[BlackElo "2627"]

1.d4 Nf6 2.Bg5 d5 3.Bxf6 exf6 4.e3 c6 5.c4 dxc4 6.Bxc4 Bd6 7.Nc3 f5 8.Nge2 O-O
9.O-O Nd7 10.Bd3 Nf6 11.Qc2 g6 12.g3 h5 13.Rfd1 h4 14.Bc4 Kg7 15.Rab1 Qe7
16.Nf4 Bd7 17.Nd3 Rh8 18.Ne2 Rh7 19.Ndf4 Rah8 20.gxh4 Rxh4 21.h3 g5 22.Ng2 Rxh3
23.Ng3 f4 24.exf4 gxf4  0-1

[Event "1st WMSG Blitz Ind w"]
[Site "Beijing CHN"]
[Date "2008.10.04"]
[Round "9"]
[White "Hoang Thanh Trang"]
[Black "Huang Qian"]
[Result "1-0"]
[WhiteElo "2483"]
[BlackElo "2430"]

1.d4 Nf6 2.Bg5 g6 3.Bxf6 exf6 4.g3 f5 5.e3 d6 6.Bg2 h5 7.h4 Nd7 8.Ne2 Bh6
9.Nd2 O-O 10.c4 Nf6 11.Qc2 Re8 12.Nf3 c6 13.O-O Bd7 14.Nc3 Bg7 15.Rfe1 Qc7
16.Rab1 a5 17.a3 Bf8 18.Nd2 c5 19.dxc5 dxc5 20.Nd5 Nxd5 21.Bxd5 Bc6 22.Nf3 Bg7
23.Red1 Rad8 24.a4 Rd6 25.Rd2 Red8 26.Rbd1 Bxd5 27.Rxd5 Rxd5 28.Rxd5 Rxd5
29.cxd5 c4  1-0

[Event "58th TCh m 1st Div"]
[Site "Borovets BUL"]
[Date "2008.10.04"]
[Round "4"]
[White "Mladenov,I"]
[Black "Spassov,L"]
[Result "0-1"]
[WhiteElo "2247"]
[BlackElo "2417"]

1.d4 Nf6 2.Bg5 d5 3.Nd2 Nbd7 4.Ngf3 h6 5.Bh4 e6 6.e3 Be7 7.Bd3 O-O 8.O-O c5
9.c3 b6 10.Ne5 Nxe5 11.dxe5 Nd7 12.Bxe7 Qxe7 13.f4 Bb7 14.Qe2 Rac8 15.e4 c4
16.Bc2 Qc5+ 17.Kh1 d4 18.cxd4 Qxd4 19.Rab1 Rfd8 20.Nf3 Qc5 21.Rfd1 Nf8 22.f5 b5
23.f6 Ng6 24.Qe1 Qc7 25.fxg7 Kxg7 26.Qg3 Rxd1+ 27.Rxd1 Qe7 28.h4 Kh7 29.h5 Nf8
30.Qf4 Nd7 31.g4 Rg8 32.Rg1 Nc5 33.g5 Bc6 34.gxh6 Rxg1+ 35.Kxg1 Be8 36.Qg3 Qf8
37.Ng5+ Kxh6 38.Nf3 Qg7 39.Qxg7+ Kxg7 40.Nh2 Bc6 41.Ng4 Bxe4 42.h6+ Kg6 43.h7 Kg7  0-1

[Event "TCh-FIN"]
[Site "Finland FIN"]
[Date "2008.10.04"]
[Round "3"]
[White "Mertanen,J"]
[Black "Saastamoinen,A"]
[Result "1/2-1/2"]
[WhiteElo "2310"]
[BlackElo "2180"]

1.d4 Nf6 2.Bg5 c5 3.d5 d6 4.Nc3 h6 5.Bxf6 exf6 6.e4 g6 7.Bb5+ Bd7 8.Bxd7+ Qxd7
9.Qf3 Bg7 10.a4 b6 11.Qd3 a6 12.Nf3 Qc7 13.Nd2 Nd7 14.f4 O-O 15.O-O Rfe8
16.Kh1 Bf8 17.Ra3 Qc8 18.Nc4 Rb8 19.Rb3 Rb7 20.Na3 Rc7 21.Qg3 Rb7 22.Qf3 Qb8
23.Qd3 Ra7 24.Nd1 Qc7 25.c4 Bg7 26.g4 Qd8 27.Nf2 Qe7 28.Nc2 Rb8 29.Re1 Rab7
30.Na3 Qe8 31.Qc2 Nf8 32.Rbe3 Re7 33.Nd3 Nd7 34.Qe2 Nf8 35.b3 Nd7 36.Qg2 Nf8
37.Qe2 Nd7 38.Qg2 Nf8 39.Qg3 Nd7 40.h3 Qf8 41.R1e2 Ree8 42.Qe1 Qe7 43.Kg2 Qd8
44.b4 Qc7 45.b5 a5 46.Nb1 Re7 47.Nd2 Rbe8 48.Nf3 Qb8 49.h4 Qc7 50.Qf2 Qb8
51.Kf1 Qc7 52.Ke1 Qb8 53.Kd1 Qc7 54.Qe1 Qb8 55.Kc2 Qc7 56.g5 fxg5 57.e5 Qd8
58.e6 fxe6 59.Rxe6 Rxe6 60.Rxe6 Rxe6 61.Qxe6+ Kh7 62.Qxd6 gxf4 63.Nde5 g5
64.Nxd7 g4 65.Nfe5 Qe8 66.Nf6+ Bxf6 67.Qxf6 f3 68.Qf5+ Kh8 69.Qf6+ Kh7 70.Qf5+ Kh8  1/2-1/2